ბათუმის შოთა რუსთაველის სახელმწიფო უნივერსიტეტის ბიბლიოთეკა

Olimpia / (ბიბ.ჩანაწერი № 60508)

000 -LEADER
fixed length control field 00539nam a22001697a 4500
005 - DATE AND TIME OF LATEST TRANSACTION
control field 20230809161521.0
008 - FIXED-LENGTH DATA ELEMENTS--GENERAL INFORMATION
fixed length control field 230809s1979 pl ||||| |||| 00| 0 pol d
041 ## - LANGUAGE CODE
Language code of text/sound track or separate title pol
080 ## - UNIVERSAL DECIMAL CLASSIFICATION NUMBER
Universal Decimal Classification number 069+7 B-15
100 ## - MAIN ENTRY--PERSONAL NAME
Personal name Bernhard, Maria Ludwika
9 (RLIN) 19643
245 ## - TITLE STATEMENT
Title Olimpia /
Statement of responsibility, etc. tekst Maria Ludwika Bernhard; zdj. Andrzej Dziewanowski.
264 ## - PRODUCTION, PUBLICATION, DISTRIBUTION, MANUFACTURE, AND COPYRIGHT NOTICE
Place of production, publication, distribution, manufacture Warszawa :
Name of producer, publisher, distributor, manufacturer Wydawnictwo Arkady,
Date of production, publication, distribution, manufacture, or copyright notice 1979.
300 ## - PHYSICAL DESCRIPTION
Extent 89 p.:
Other physical details ill.;
Dimensions 28 cm.
653 ## - INDEX TERM--UNCONTROLLED
keyword ოლიმპია
700 ## - ADDED ENTRY--PERSONAL NAME
Personal name Dziewanowski, Andrzej
Relator term ავტორი
9 (RLIN) 19644
942 ## - ADDED ENTRY ELEMENTS (KOHA)
Source of classification or shelving scheme
Koha item type წიგნი
ეგზემპლარები
Withdrawn status Lost status Source of classification or shelving scheme Damaged status Not for loan Permanent Location Current Location Shelving location Date acquired Cost, normal purchase price Full call number Barcode Date last seen Copy number Uniform Resource Identifier Price effective from Koha item type Public note
          ბათუმის შოთა რუსთაველის სახელმწიფო უნივერსიტეტის მთავარი ბიბლიოთეკა ბათუმის შოთა რუსთაველის სახელმწიფო უნივერსიტეტის მთავარი ბიბლიოთეკა წიგნსაცავი 2023-08-09 10.00 069+7 B-15 65174 2023-08-09 65174 ბსუ-ს საპატიო დოქტორის გურამ ლორთქიფანიძის საჩუქარი 2023-08-09 წიგნი 10 ლ.